| 000 | 00402nam a22001577a 4500 | ||
|---|---|---|---|
| 003 | macl | ||
| 005 | 20241019153812.0 | ||
| 008 | 241019b |||||||| |||| 00| 0 eng d | ||
| 040 | _cmacl | ||
| 082 | _a910 | ||
| 100 |
_a Barnwal,Mahesh kumar _982585 |
||
| 245 | _aWorld Geography [The Gist of NCERT] VI to XII | ||
| 260 |
_a Delhi _b Cosmos Pub. _c2023 |
||
| 650 | _aGeography | ||
| 942 |
_2ddc _cC. BOOKS |
||
| 999 |
_c67191 _d67191 |
||